100 things every designer needs to know about people / (Record no. 607806)

000 -LEADER
fixed length control field 01296cam a2200325 a 4500
001 - CONTROL NUMBER
control field 16856540
003 - CONTROL NUMBER IDENTIFIER
control field OSt
005 - DATE AND TIME OF LATEST TRANSACTION
control field 20240216102255.0
008 - FIXED-LENGTH DATA ELEMENTS--GENERAL INFORMATION
fixed length control field 110705s2011 caua b 001 0 eng d
010 ## - LIBRARY OF CONGRESS CONTROL NUMBER
LC control number 2011282721
020 ## - INTERNATIONAL STANDARD BOOK NUMBER
International Standard Book Number 9780321767530 (pbk.)
020 ## - INTERNATIONAL STANDARD BOOK NUMBER
International Standard Book Number 0321767535 (pbk.)
035 ## - SYSTEM CONTROL NUMBER
System control number (OCoLC)ocn682896802
040 ## - CATALOGING SOURCE
Original cataloging agency BTCTA
Transcribing agency BTCTA
Modifying agency YDXCP
-- BWX
-- ORX
-- DLC
042 ## - AUTHENTICATION CODE
Authentication code lccopycat
050 00 - LIBRARY OF CONGRESS CALL NUMBER
Classification number NK1520
Item number .W45 2011
082 04 - DEWEY DECIMAL CLASSIFICATION NUMBER
Classification number 745.4
Edition number 22
Author Mark WEI
100 1# - MAIN ENTRY--PERSONAL NAME
Personal name Weinschenk, Susan.
9 (RLIN) 120618
245 10 - TITLE STATEMENT
Title 100 things every designer needs to know about people /
Statement of responsibility, etc. Susan Weinschenk.
246 3# - VARYING FORM OF TITLE
Title proper/short title One hundred things every designer needs to know about people
260 ## - PUBLICATION, DISTRIBUTION, ETC.
Place of publication, distribution, etc. Berkeley, CA :
Name of publisher, distributor, etc. New Riders,
Date of publication, distribution, etc. c2011.
300 ## - PHYSICAL DESCRIPTION
Extent xi, 242 p. :
Other physical details col. ill. ;
Dimensions 23 cm.
490 0# - SERIES STATEMENT
Series statement Voices that matter
504 ## - BIBLIOGRAPHY, ETC. NOTE
Bibliography, etc. note Includes bibliographical references (p. 225-234) and index.
520 ## - SUMMARY, ETC.
Summary, etc. Provides information and examples to help designers create products, applications, Web sites, and print materials that match the way people think and feel.
650 #0 - SUBJECT ADDED ENTRY--TOPICAL TERM
Topical term or geographic name entry element Design
General subdivision Psychological aspects.
9 (RLIN) 120619
906 ## - LOCAL DATA ELEMENT F, LDF (RLIN)
a 7
b cbc
c copycat
d 2
e ncip
f 20
g y-gencatlg
942 ## - ADDED ENTRY ELEMENTS (KOHA)
Source of classification or shelving scheme
Koha item type Book
Institution code [OBSOLETE] SADA
Call number prefix 745.4 WEI 2011
Holdings
Withdrawn status Lost status Source of classification or shelving scheme Damaged status Not for loan Permanent Location Current Location Date acquired Source of acquisition Total Checkouts Full call number Barcode Date last seen Date last checked out Cost, replacement price Price effective from Koha item type
          School of Art Design and Architecture (SADA) School of Art Design and Architecture (SADA) 05/16/2017 Progressive Internal. 2 745.4 WEI 2011 SADA0002725 11/21/2025 11/06/2025 2727.51 02/16/2024 Book
© 2023 Central Library, National University of Sciences and Technology. All Rights Reserved.